000 00401nam a22001697a 4500
005 20160525143638.0
008 160525b xxu||||| |||| 00| 0 eng d
020 _a0-07-058585-7
041 _aeng
082 _b4920
100 _aKhan, M.Y.
_91250
245 _aFinancial Services
260 _aNew Delhi
_bAcademic Faundation
_c2004
300 _a16.88
650 _aManagement
_9241
942 _cBK
999 _c1720
_d1719